Statistics for Which One?- Car Brands

Click here to take the quiz!

General Stats

  • This quiz has been taken 23 times
  • The average score is 10 of 15

Answer Stats

QuestionAnswer% Correct
LaCrosseBuick
87%
CamryToyota
87%
LibertyJeep
83%
Monte CarloChevy
78%
AztekPontiac
78%
YarisToyota
78%
GalantMitsubishi
70%
VanquishAston Martin
65%
SierraGMC
65%
MontegoMercury
65%
CompassJeep
61%
IONSaturn
57%
WRXSubaru
57%
323Mazda
39%
xBScion
35%

Score Distribution

Percentile by Number Answered

Percent of People with Each Score

Your Score History

You have not taken this quiz